000 00989na a2200301 4500
001 13764
003 MIRAKIL
005 20181213155255.0
008 161031b tu 000 0
020 _a9786053992783
035 _a13764
040 _aMilas
_btur
_cTR-AnCHP
041 _atur
082 _a320.3
_bK26ş 2013
090 _a320.3 K26ş 2013
245 _aKarşılaştırmalı siyaset temel konular ve yaklaşımlar
_cderleyenler; Sabri Sayarı, Hasret Dikici Bilgin
260 _aİstanbul
_bİstanbul Bilgi Üniversitesi Yayınları
_c2013
300 _axvii, 240 s.
_bfotg. ; tbl.
_c23 sm.
490 _aİstanbul Bilgi Üniversitesi yayınları
_v439
490 _aSiyaset bilimi
_v48
504 _aKaynakça var.
650 _aSiyaset bilimi
_xAraştırma ve öğretim
650 _aKarşılaştırmalı yönetim
650 _aSiyaset ve yönetim
_xAraştırma ve öğretim
700 _aSayarı, Sabri
700 _aBilgin, Hasret Dikici
942 _2ddc
_cBKS
999 _c9750
_d9750